Visualizzazione normale
Vista MARC
- Cerri G., Bianchi P., Spena A., Moccia E., Sciortino G., Varcasia N., Pignataro S.,
di Personal Name
Records bibliografici associati: 1
001 - CONTROL NUMBER
- control field: 60445
003 - CONTROL NUMBER IDENTIFIER
- control field:
005 - DATE AND TIME OF LATEST TRANSACTION
- control field: 20240122113345.0
008 - FIXED-LENGTH DATA ELEMENTS
- fixed length control field: 240122|| aca||aabn | a|a d
040 ## - CATALOGING SOURCE
- Original cataloging agency:
- Transcribing agency:
100 ## - HEADING--PERSONAL NAME
- Personal name: Cerri G., Bianchi P., Spena A., Moccia E., Sciortino G., Varcasia N., Pignataro S.,
- Personal name: Rossi V., Nembri A., Cereda L., Banfi A
670 ## - SOURCE DATA FOUND
- Source citation: Work cat.: ()359980: De Carli Sara (et al.) 57785, Riportiamoli in classe, 2022